Catálogo
 En Linea

La verdadera muerte de Juan Ponce de León / (Registro nro. 41640)

Detalles MARC
000 -CABECERA
campo de control de longitud fija 00545cam a2200169 a 4500
001 - NÚMERO DE CONTROL
campo de control 000042151
005 - FECHA Y HORA DE LA ÚLTIMA TRANSACCIÓN
campo de control 20201002035954.0
008 - DATOS DE LONGITUD FIJA--INFORMACIÓN GENERAL
campo de control de longitud fija 000817s2006 pr 000 0 spa
020 ## - NÚMERO INTERNACIONAL ESTÁNDAR DEL LIBRO
Número Internacional Estándar del Libro 9580493219
040 ## - FUENTE DE LA CATALOGACIÓN
Centro catalogador/agencia de origen DO-SdBNP
Lengua de catalogación spa
Centro/agencia transcriptor BNHPU
100 1# - ENTRADA PRINCIPAL--NOMBRE DE PERSONA
Nombre de persona López Nieves, Luis,
9 (RLIN) 69146
245 13 - MENCIÓN DE TÍTULO
Título La verdadera muerte de Juan Ponce de León /
Mención de responsabilidad, etc. Luis López Nieves.
260 ## - PUBLICACIÓN, DISTRIBUCIÓN, ETC.
Lugar de publicación, distribución, etc. [Puerto Rico] :
Nombre del editor, distribuidor, etc. Norma,
Fecha de publicación, distribución, etc. 2006.
300 ## - DESCRIPCIÓN FÍSICA
Extensión 136 p. ;
Dimensiones 22 cm.
500 ## - NOTA GENERAL
Nota general Incluye datos biografícos en la solapa de la portada
586 ## - NOTA DE PREMIOS
Nota de premios Premio Nacional de Literatura
Existencias
Estado de retiro Estado de pérdida Restricciones de uso No para préstamo Código de colección Localización permanente Ubicación/localización actual Ubicación en estantería Fecha de adquisición Número de inventario Total de préstamos Signatura topográfica completa Código de barras Fecha visto por última vez Precio válido a partir de Tipo de ítem Koha
      Excluido de préstamo Monografías: Libros y Folletos General General En catalogación 14.11.2013 LF1   42151-10 25.06.2020 25.06.2020 No se presta
        Monografías: Libros y Folletos Patrimonio Dominicano Patrimonio Dominicano Orden iniciada 14.11.2013 LF1   42152-10 25.06.2020 25.06.2020 No se presta

Con tecnología Koha